Abstracts - XXIVth International Horticultural Congress (Kyoto International Conference Hall 21-27 August 1994)
Kaydedildi:
| Materyal Türü: | Kitap |
|---|---|
| Dil: | Undetermined |
| Baskı/Yayın Bilgisi: |
Japan
ISHS
1994
|
| Konular: | |
| Etiketler: |
Etiketle
Etiket eklenmemiş, İlk siz ekleyin!
|
| Thư viện lưu trữ: | Trung tâm Học liệu Trường Đại học Cần Thơ |
|---|
| LEADER | 00477nam a2200157Ia 4500 | ||
|---|---|---|---|
| 001 | CTU_38771 | ||
| 008 | 210402s9999 xx 000 0 und d | ||
| 082 | |a 634 | ||
| 082 | |b A158 | ||
| 245 | 0 | |a Abstracts - XXIVth International Horticultural Congress (Kyoto International Conference Hall 21-27 August 1994) | |
| 260 | |a Japan | ||
| 260 | |b ISHS | ||
| 260 | |c 1994 | ||
| 650 | |a horticulture | ||
| 904 | |i Liên, 990910 | ||
| 980 | |a Trung tâm Học liệu Trường Đại học Cần Thơ | ||